Studio Ghibli Plots Explained Badly - Statistics

General Stats
  • This quiz has been taken 284 times
  • The average score is 5 of 10
Answer Stats
Hint Answer % Correct
Child sells her soul to become a slave then earn her freedom Spirited Away
91%
Infatuated fish almost breaks space-time Ponyo
88%
Deer Hunting Season: Battle Royale Princess Mononoke
71%
Oppenheimer: Japanese Edition The Wind Rises
42%
Found family needs 17 different types of therapy Howl's Moving Castle
41%
A chinchilla and a cat set off two AMBER alerts My Neighbor Totoro
39%
Literally just "The Legend of Zelda: Tears of the Kingdom" Castle in the Sky
38%
The typical work week (ignore the OSHA violations) Kiki's Delivery Service
34%
Everyone ignores an ecologist during the apocalypse Nausicaä of the Valley of the Wind
26%
Alien infiltrates the government against her will The Tale of the Princess Kaguya
7%
No matching quizzes found
Score Distribution
Percent of People with Each Score
Percentile by Number Answered
Your Score History
You have not taken this quiz